000 00592nam a2200217Ia 4500
001 69181
008 151103s9999||||xx |||||||||||||| ||und||
020 _a9780702051326
040 _cPK-LaUMT
082 _a 612
_bDRA-G
100 _aDrakes, Richard L.
245 _aGray's anatomy for students
_cDrakes, Richard L.|Vogl, A. Wayne|Mitchell, Adam W. M.
250 _a3rd
260 _aPheladelphia,USA:
_bChurchill Livingstone/Elsevier,
_c2015
300 _a1162 p.
546 _aEN
650 _aAanatomy
700 _aMitchell, Adam W. M.
700 _aVogl, A. Wayne
942 _cBK
999 _c78197
_d78197